Výkonnosť agrárneho sektora krajín EÚ

Príspevok analyzuje konkurencieschopnosť slovenských agrárnych podnikov a s tým súvisiacu potrebu jej rastu v podmienkach jednotného európskeho trhu. Analýza potvrdila pretrvávajúce zaostávanie slovenského poľnohospodárstva v ukazovateľoch výkonnosti. Rastúce dávky podpôr zo zdrojov EÚ a domáceho ro...

Descrizione completa

Salvato in:
Dettagli Bibliografici
Autore principale: Jankelová, Nadežda, 1966-
Natura: Capitolo di libro
Lingua:slovacco
Soggetti:
Tags: Aggiungi Tag
Nessun Tag, puoi essere il primo ad aggiungerne!!

MARC

LEADER 00000naa$a2200000$$$4500
001 0186361
005 20240502073201.0
041 0 |a slo 
044 |a SK 
245 1 0 |a Výkonnosť agrárneho sektora krajín EÚ  |c Nadežda Jankelová 
520 |a Príspevok analyzuje konkurencieschopnosť slovenských agrárnych podnikov a s tým súvisiacu potrebu jej rastu v podmienkach jednotného európskeho trhu. Analýza potvrdila pretrvávajúce zaostávanie slovenského poľnohospodárstva v ukazovateľoch výkonnosti. Rastúce dávky podpôr zo zdrojov EÚ a domáceho rozpočtu sa neodrážajú v raste jeho výkonnosti. 
610 2 0 |a podnik poľnohospodársky 
610 2 0 |a konkurencieschopnosť 
610 2 0 |a trh spoločný 
610 2 0 |a výkonnosť podniku 
610 2 0 |a ukazovatele výkonnosti 
610 2 0 |a Európska únia 
610 2 0 |a produkcia hrubá 
610 2 0 |a hodnota pridaná 
610 2 0 |a medzispotreba 
100 1 |a Jankelová, Nadežda, 1966-